[Event "Olimpiada Calviá 2004"]
[Site "Calviá ESP"]
[Date "2004.10.23"]
[Round "8.34"]
[White "Hossain, Enamul"]
[Black "Khouseinov, Rashid"]
[Result "1/2-1/2"]
[WhiteElo "2413"]
[BlackElo "2343"]
[PlyCount "47"]
[EventDate "2004.10.15"]
[EventType "team"]
[EventRounds "14"]
[EventCountry "ESP"]
[Source "lmi"]
[SourceDate "2004.10.27"]

1. e4 e5 2. Nf3 Qe7 3. Nc3 c6 4. d4 d6 5. a4 a5 6. Be2 g6 7. O-O Nh6 8. dxe5
dxe5 9. Nd2 Be6 10. Nc4 Nd7 11. b3 Bxc4 12. Bxc4 Nb6 13. Bd3 f6 14. Qe1 Nf7 15.
Nb1 Qc7 16. Na3 Bc5 17. Bd2 Nd7 18. Nc4 b6 19. Kh1 O-O 20. f4 exf4 21. Bxf4
Nde5 22. Rd1 Qe7 23. Qg3 Kh8 24. Nxe5 1/2-1/2

[Event "Olimpiada Calviá 2004"]
[Site "Calviá ESP"]
[Date "2004.10.23"]
[Round "8.34"]
[White "Ziyaev, Negmat"]
[Black "Ahmed, Sk  Nasir"]
[Result "1/2-1/2"]
[WhiteElo "2295"]
[BlackElo "2359"]
[PlyCount "113"]
[EventDate "2004.10.15"]
[EventType "team"]
[EventRounds "14"]
[EventCountry "ESP"]
[Source "lmi"]
[SourceDate "2004.10.27"]

1. c4 e5 2. Nc3 Nf6 3. Nf3 d6 4. d4 Qe7 5. d5 g6 6. Bg5 h6 7. Bh4 g5 8. Bg3 e4
9. Nd4 Nh5 10. e3 Nxg3 11. hxg3 Bg7 12. Be2 O-O 13. O-O a5 14. a3 Na6 15. Qc2
Re8 16. Rfd1 Qe5 17. Rab1 f5 18. Qd2 Rf8 19. b4 axb4 20. axb4 Bd7 21. Ncb5 f4
22. gxf4 gxf4 23. exf4 Rxf4 24. Nc2 Raf8 25. Rf1 Qg5 26. Qe3 Be5 27. Rb3 Kh8
28. Nbd4 Rg8 29. g3 Qf6 30. Kg2 Rh4 31. Rh1 Bf4 32. Qc3 Rxh1 33. Kxh1 Kh7 34.
Kg2 Bg5 35. Ne6 Bh4 36. Qxf6 Bxf6 37. Ncd4 c6 38. dxc6 bxc6 39. c5 dxc5 40.
bxc5 Bxd4 41. Nxd4 Nxc5 42. Ra3 Rg6 43. Ra7 Rd6 44. Nf5 Rd2 45. Kf1 Kg6 46. Ne3
Rb2 47. Rc7 Kg5 48. Bc4 Rb7 49. Rxb7 Nxb7 50. Ke2 Nd6 51. Ba6 Be6 52. f3 exf3+
53. Kxf3 c5 54. Bd3 c4 55. Bc2 Nf5 56. Bxf5 Bxf5 57. Nxc4 1/2-1/2

[Event "Olimpiada Calviá 2004"]
[Site "Calviá ESP"]
[Date "2004.10.23"]
[Round "8.35"]
[White "Pinheiro, Jose"]
[Black "Mallahi, Amir"]
[Result "1-0"]
[WhiteElo "2310"]
[BlackElo "2383"]
[PlyCount "57"]
[EventDate "2004.10.15"]
[EventType "team"]
[EventRounds "14"]
[EventCountry "ESP"]
[Source "lmi"]
[SourceDate "2004.10.27"]

1. Nf3 c5 2. c4 e6 3. g3 d5 4. Bg2 Nf6 5. O-O Be7 6. b3 Nc6 7. Bb2 O-O 8. e3 b6
9. Nc3 dxc4 10. bxc4 Bb7 11. Qe2 Rc8 12. Rfd1 Qc7 13. d3 a6 14. Rab1 Na7 15.
Ba1 Rfd8 16. Qb2 b5 17. cxb5 axb5 18. Nxb5 Nxb5 19. Qxb5 Bd5 20. Be5 Qa7 21. e4
Bxa2 22. Ra1 Qa3 23. Qb7 Bf8 24. Bc7 Re8 25. Be5 Qb3 26. Rdb1 Qxd3 27. Rxa2 c4
28. Ne1 Qd8 29. Rc1 1-0

[Event "Olimpiada Calviá 2004"]
[Site "Calviá ESP"]
[Date "2004.10.23"]
[Round "8.35"]
[White "Ghane, Shojaat"]
[Black "Costa, Joao Guerra"]
[Result "1-0"]
[WhiteElo "2376"]
[BlackElo "2284"]
[PlyCount "65"]
[EventDate "2004.10.15"]
[EventType "team"]
[EventRounds "14"]
[EventCountry "ESP"]
[Source "lmi"]
[SourceDate "2004.10.27"]

1. d4 f5 2. Nc3 Nf6 3. Bg5 d5 4. Bxf6 exf6 5. e3 Be6 6. Bd3 Qd7 7. Qf3 Nc6 8.
a3 O-O-O 9. Nge2 Ne7 10. b3 Kb8 11. Na4 b6 12. Ba6 g5 13. g3 Ng6 14. c4 c6 15.
Nac3 h5 16. cxd5 cxd5 17. Nb5 h4 18. Rc1 h3 19. O-O g4 20. Qh1 Bd6 21. f4 Qe7
22. Kf2 Rhe8 23. Rc3 Bxa3 24. b4 Bxb4 25. Rc7 Rd7 26. Rfc1 Bc5 27. dxc5 Rxc7
28. cxb6 Rxc1 29. Qxc1 axb6 30. Qc6 Bc8 31. Qxb6+ Bb7 32. Qa7+ Kc8 33. Bxb7+
1-0

[Event "Olimpiada Calviá 2004"]
[Site "Calviá ESP"]
[Date "2004.10.23"]
[Round "8.36"]
[White "Prasca, Raphael"]
[Black "Cruz, Filemon"]
[Result "0-1"]
[WhiteElo "2396"]
[BlackElo "2367"]
[PlyCount "88"]
[EventDate "2004.10.15"]
[EventType "team"]
[EventRounds "14"]
[EventCountry "ESP"]
[Source "lmi"]
[SourceDate "2004.10.27"]

1. e4 e5 2. Bc4 Nf6 3. d3 Bc5 4. Nf3 Nc6 5. c3 d6 6. Nbd2 a6 7. Bb3 Ba7 8. Nf1
Ne7 9. Ng3 Ng6 10. Bg5 Nf4 11. Bxf4 exf4 12. Ne2 Nh5 13. Qd2 Qf6 14. d4 Bg4 15.
h3 Bxf3 16. gxf3 Qh4 17. Rh2 O-O 18. O-O-O c5 19. Rg1 Qf6 20. dxc5 Bxc5 21. Qd5
Qh6 22. Rhg2 Kh8 23. Rg5 f5 24. Qxb7 Ng3 25. Nxg3 fxg3 26. R1xg3 Ra7 27. Qd5
Bxf2 28. Kc2 Bxg3 29. Rxf5 Raa8 30. Bc4 Rab8 31. Bxa6 Rxf5 32. exf5 Qxh3 33. b4
Be5 34. Kb3 Qxf5 35. Bd3 Qf6 36. Qc6 Qf7+ 37. Bc4 Qf4 38. Bd3 Qf7+ 39. Bc4 Qf5
40. Ba6 Qb1+ 41. Ka3 d5 42. Bc8 h6 43. f4 Qc1+ 44. Ka4 Qc2+ 0-1

[Event "Olimpiada Calviá 2004"]
[Site "Calviá ESP"]
[Date "2004.10.23"]
[Round "8.36"]
[White "Pacheco, Marco"]
[Black "Blanco, Cristobal J"]
[Result "1-0"]
[WhiteElo "2320"]
[BlackElo "2269"]
[PlyCount "77"]
[EventDate "2004.10.15"]
[EventType "team"]
[EventRounds "14"]
[EventCountry "ESP"]
[Source "lmi"]
[SourceDate "2004.10.27"]

1. d4 d5 2. c4 c6 3. Nf3 Nf6 4. cxd5 cxd5 5. Nc3 g6 6. Bf4 a6 7. e3 Bg7 8. Bd3
O-O 9. h3 Nc6 10. O-O Bf5 11. Bxf5 gxf5 12. Ne5 Rc8 13. Rc1 Nxe5 14. Bxe5 Qd7
15. Qb3 e6 16. Na4 Rc6 17. Nc5 Qc8 18. Nd3 Rc4 19. Qa3 Ne4 20. b3 Rc6 21. Rxc6
Qxc6 22. Rc1 Qb5 23. Bxg7 Kxg7 24. Nf4 Re8 25. f3 Nf6 26. Qd6 Kg8 27. Rc7 Qa5
28. Qe5 b5 29. Rb7 Qd8 30. b4 Qa8 31. Rc7 Qd8 32. Kh2 Re7 33. Rxe7 Qxe7 34. a3
Qd8 35. Nd3 Ne8 36. Nc5 Qd6 37. Kg1 Qxe5 38. dxe5 Nc7 39. Kf2 1-0

[Event "Olimpiada Calviá 2004"]
[Site "Calviá ESP"]
[Date "2004.10.23"]
[Round "8.36"]
[White "Iturrizaga, Eduardo"]
[Black "Cordova, Emilio"]
[Result "0-1"]
[WhiteElo "2280"]
[BlackElo "2347"]
[PlyCount "134"]
[EventDate "2004.10.15"]
[EventType "team"]
[EventRounds "14"]
[EventCountry "ESP"]
[Source "lmi"]
[SourceDate "2004.10.27"]

1. d4 e6 2. c4 Nf6 3. Nf3 b6 4. g3 Ba6 5. Qc2 c6 6. Bg2 Bb4+ 7. Bd2 Be7 8. O-O
d5 9. b3 O-O 10. Rd1 Nbd7 11. Be1 Rc8 12. Nc3 dxc4 13. bxc4 Qc7 14. Qa4 Bb7 15.
Rab1 a6 16. Qc2 b5 17. c5 e5 18. e3 Rfe8 19. Qb3 h6 20. Nh4 Nf8 21. Nf5 Ne6 22.
Na4 Rcd8 23. Nb2 exd4 24. exd4 Bf8 25. Qa3 Qc8 26. Ba5 Rd7 27. Rbc1 Qb8 28. Bb4
Nd5 29. Ne3 Nxb4 30. Qxb4 Qd8 31. Nc2 g6 32. Bh3 Bg7 33. Rd3 a5 34. Qd2 Rde7
35. Bxe6 Rxe6 36. Ne3 Bc8 37. d5 cxd5 38. Rxd5 Qf6 39. Nd3 Bb7 40. Nf4 Bxd5 41.
Nexd5 Qd4 42. Qxd4 Re1+ 43. Rxe1 Rxe1+ 44. Kg2 Bxd4 45. c6 Kf8 46. Kf3 Re8 47.
Nc7 Rc8 48. Nxb5 Bb6 49. c7 Bxc7 50. Nd5 Bd8 51. Nd4 Rc1 52. Ke3 Ra1 53. Nc6
Ke8 54. Nc3 Bb6+ 55. Ke2 Rh1 56. Nd5 Bd8 57. Nxd8 Kxd8 58. h4 Ra1 59. Nc3 Kd7
60. Kd3 Kc6 61. Ke3 f5 62. h5 gxh5 63. Kf4 Rf1 64. f3 Rf2 65. a4 Rc2 66. Nd1
Rc4+ 67. Kxf5 Rxa4 0-1

[Event "Olimpiada Calviá 2004"]
[Site "Calviá ESP"]
[Date "2004.10.23"]
[Round "8.37"]
[White "Ker, Anthony F"]
[Black "Belkhodja, Slim"]
[Result "0-1"]
[WhiteElo "2328"]
[BlackElo "2478"]
[PlyCount "102"]
[EventDate "2004.10.15"]
[EventType "team"]
[EventRounds "14"]
[EventCountry "ESP"]
[Source "lmi"]
[SourceDate "2004.10.27"]

1. e4 c5 2. c3 d6 3. d4 Nf6 4. dxc5 Nc6 5. f3 d5 6. exd5 Nxd5 7. Bc4 e6 8. Bxd5
exd5 9. Be3 Qh4+ 10. g3 Qh5 11. Nd2 Be7 12. Ne2 g5 13. Bd4 f6 14. Qb3 Qf7 15.
O-O-O O-O 16. g4 b6 17. cxb6 Ba6 18. Ng3 Nxd4 19. cxd4 Rfb8 20. Nf5 Bf8 21. Ne3
Bc8 22. h4 Be6 23. hxg5 Rxb6 24. Qd3 fxg5 25. f4 Rab8 26. b3 gxf4 27. Nf5 Rc8+
28. Kb2 Rbc6 29. Nb1 Rc2+ 30. Qxc2 Rxc2+ 31. Kxc2 Bxf5+ 32. gxf5 Qxf5+ 33. Rd3
Bb4 34. Nd2 Qg6 35. Rh2 Qg1 36. Nf3 Qa1 37. a4 Qa2+ 38. Kd1 Qb1+ 39. Ke2 Qc2+
40. Nd2 Bxd2 41. Rxd2 Qxb3 42. Rg2+ Kf7 43. Rf2 Qe3+ 44. Kd1 Kg6 45. Rfe2 Qb3+
46. Ke1 Qxa4 47. Re6+ Kf7 48. Re5 Qb3 49. Rde2 Qc3+ 50. Rd2 Kf6 51. Rxd5 Qc1+
0-1

[Event "Olimpiada Calviá 2004"]
[Site "Calviá ESP"]
[Date "2004.10.23"]
[Round "8.37"]
[White "Chikhaoui, Walid"]
[Black "Nokes, Roger I"]
[Result "1/2-1/2"]
[WhiteElo "2324"]
[BlackElo "2333"]
[PlyCount "93"]
[EventDate "2004.10.15"]
[EventType "team"]
[EventRounds "14"]
[EventCountry "ESP"]
[Source "lmi"]
[SourceDate "2004.10.27"]

1. e4 c5 2. Nf3 Nc6 3. d4 cxd4 4. Nxd4 Nf6 5. Nc3 e5 6. Ndb5 d6 7. Bg5 a6 8.
Bxf6 gxf6 9. Na3 b5 10. Nd5 Bg7 11. Bd3 Ne7 12. Qh5 Nxd5 13. exd5 Qd7 14. c4 b4
15. Nc2 f5 16. O-O Rb8 17. Rae1 O-O 18. Re3 e4 19. Rh3 h6 20. Be2 Qe7 21. Nd4
Qf6 22. Nc6 Rb6 23. g4 f4 24. g5 Qxb2 25. Ne7+ Kh8 26. Nxc8 Rxc8 27. Bg4 Rf8
28. gxh6 Bf6 29. Re1 Rg8 30. Qf5 Rbb8 31. h7 Rg5 32. Qxf4 Qe5 33. Qg3 Qd4 34.
Kh1 a5 35. Rh5 Be5 36. Qg2 Rg7 37. Qxe4 Qxe4+ 38. Rxe4 a4 39. Bd1 b3 40. axb3
axb3 41. Re1 b2 42. Bc2 Rg4 43. Bb1 Rxc4 44. Rg5 Rc1 45. Reg1 Rxg1+ 46. Rxg1
Bg7 47. Kg2 1/2-1/2

[Event "Olimpiada Calviá 2004"]
[Site "Calviá ESP"]
[Date "2004.10.23"]
[Round "8.37"]
[White "Dive, Russell John"]
[Black "Jday, Wassim"]
[Result "1-0"]
[WhiteElo "2334"]
[BlackElo "2143"]
[PlyCount "58"]
[EventDate "2004.10.15"]
[EventType "team"]
[EventRounds "14"]
[EventCountry "ESP"]
[Source "lmi"]
[SourceDate "2004.10.27"]

1. c4 e6 2. g3 Nf6 3. Bg2 d5 4. Nf3 c6 5. b3 Nbd7 6. Bb2 Be7 7. O-O O-O 8. d4
b5 9. Nbd2 bxc4 10. bxc4 Rb8 11. Qc2 Ba6 12. Rfb1 Qc8 13. e3 c5 14. Ba3 Qc7 15.
cxd5 Nxd5 16. Ne4 Rbc8 17. Rc1 Qa5 18. Bxc5 f5 19. Neg5 Bxc5 20. dxc5 Nxc5 21.
Qd2 Qd8 22. Rxc5 Rxc5 23. Nxe6 Qf6 24. Nfd4 Rfc8 25. Nxc5 Rxc5 26. Rc1 Rxc1+
27. Qxc1 Nb4 28. Qc7 Qb6 29. Qe7 h6 1-0

[Event "Olimpiada Calviá 2004"]
[Site "Calviá ESP"]
[Date "2004.10.23"]
[Round "8.37"]
[White "Amdouni, Zoubeir"]
[Black "Wang, Puchen"]
[Result "0-1"]
[WhiteElo "2104"]
[BlackElo "2236"]
[PlyCount "60"]
[EventDate "2004.10.15"]
[EventType "team"]
[EventRounds "14"]
[EventCountry "ESP"]
[Source "lmi"]
[SourceDate "2004.10.27"]

1. e4 e6 2. d4 d5 3. e5 c5 4. c3 Nc6 5. Nf3 Qb6 6. a3 Nh6 7. b4 cxd4 8. cxd4
Nf5 9. Bb2 Bd7 10. g4 Nh6 11. h3 f6 12. Nbd2 Nf7 13. Bd3 Be7 14. Nb3 fxe5 15.
dxe5 Rc8 16. b5 Na5 17. Bd4 Qd8 18. O-O Nc4 19. a4 O-O 20. Qb1 h6 21. Kg2 Ng5
22. Nh4 Be8 23. f4 Ne4 24. Nf3 Rxf4 25. Qa2 Bg6 26. Nh2 Qf8 27. Rf3 Rxf3 28.
Nxf3 Qf4 29. Bxe4 Bxe4 30. Rf1 Bh4 0-1

[Event "Olimpiada Calviá 2004"]
[Site "Calviá ESP"]
[Date "2004.10.23"]
[Round "8.38"]
[White "Simonet, Marc"]
[Black "Jodorcovsky, Paulo"]
[Result "1/2-1/2"]
[WhiteElo "2300"]
[BlackElo "2278"]
[PlyCount "57"]
[EventDate "2004.10.15"]
[EventType "team"]
[EventRounds "14"]
[EventCountry "ESP"]
[Source "lmi"]
[SourceDate "2004.10.27"]

1. c4 e6 2. Nf3 d5 3. e3 c6 4. Be2 Nf6 5. O-O Bd6 6. d4 O-O 7. Nc3 Nbd7 8. Qc2
Qe7 9. b3 dxc4 10. bxc4 e5 11. Rd1 Re8 12. Rb1 e4 13. Nd2 Nf8 14. c5 Bc7 15.
Ba3 Ng6 16. Nc4 Nh4 17. Nd6 Bxd6 18. cxd6 Qe6 19. d5 Nxd5 20. Nxd5 cxd5 21. Rb5
Qg6 22. g3 Bg4 23. Rdxd5 Bxe2 24. Qxe2 Nf3+ 25. Kg2 Qe6 26. h3 a6 27. d7 axb5
28. dxe8=Q+ Rxe8 29. Qxb5 1/2-1/2

[Event "Olimpiada Calviá 2004"]
[Site "Calviá ESP"]
[Date "2004.10.23"]
[Round "8.38"]
[White "Ribera Bazan, Jose"]
[Black "Ferreira, Oscar"]
[Result "1-0"]
[WhiteElo "2147"]
[BlackElo "2284"]
[PlyCount "99"]
[EventDate "2004.10.15"]
[EventType "team"]
[EventRounds "14"]
[EventCountry "ESP"]
[Source "lmi"]
[SourceDate "2004.10.27"]

1. d4 Nf6 2. c4 e6 3. Nf3 c5 4. d5 d6 5. Nc3 exd5 6. cxd5 g6 7. Bf4 a6 8. a4
Bg7 9. h3 O-O 10. e3 Qe7 11. Be2 Nbd7 12. O-O Nh5 13. Bh2 f5 14. Nd2 Nhf6 15.
Nc4 Ne8 16. a5 Rb8 17. Na4 Ne5 18. Rb1 g5 19. b4 cxb4 20. Rxb4 f4 21. exf4 gxf4
22. Nxe5 Bxe5 23. Bg4 Qg7 24. Bxc8 Rxc8 25. Qf3 Qf7 26. Qg4+ Ng7 27. Nb6 Rc5
28. Nd7 h5 29. Nxe5 dxe5 30. Qf3 Qxd5 31. Qxd5+ Rxd5 32. Rxb7 Rxa5 33. g3 Ne6
34. gxf4 exf4 35. Re1 Rf6 36. Re4 Rg6+ 37. Kf1 Ra1+ 38. Ke2 Ra2+ 39. Kf1 Ra1+
40. Ke2 Ra2+ 41. Kf1 Rf6 42. Rc4 f3 43. Be5 Rf5 44. Rc8+ Rf8 45. Rc6 Rd2 46.
Ke1 Rf7 47. Rb8+ Rd8 48. Rxe6 Rxb8 49. Bxb8 Rb7 50. Bf4 1-0

[Event "Olimpiada Calviá 2004"]
[Site "Calviá ESP"]
[Date "2004.10.23"]
[Round "8.39"]
[White "Santos Flores, Alberto"]
[Black "Neubauer, Martin"]
[Result "0-1"]
[WhiteElo "2326"]
[BlackElo "2440"]
[PlyCount "104"]
[EventDate "2004.10.15"]
[EventType "team"]
[EventRounds "14"]
[EventCountry "ESP"]
[Source "lmi"]
[SourceDate "2004.10.27"]

1. e4 e6 2. d4 d5 3. e5 c5 4. c3 Nc6 5. Nf3 Bd7 6. Be2 Nge7 7. O-O cxd4 8. cxd4
Nf5 9. Nc3 Rc8 10. Be3 Be7 11. Bd3 Nxe3 12. fxe3 O-O 13. Rc1 f5 14. Nd2 a6 15.
Nb3 Na5 16. Nxa5 Qxa5 17. a3 g6 18. Qf3 Kh8 19. g4 Bg5 20. gxf5 gxf5 21. Kh1
Rg8 22. Rg1 Rg6 23. Rg2 Rcg8 24. Rcg1 Bh6 25. Qh3 Rxg2 26. Rxg2 Rxg2 27. Kxg2
Bg5 28. Qg3 Qd8 29. Ne2 Bh4 30. Qf3 Qg8+ 31. Kh1 Qg4 32. Qxg4 fxg4 33. Kg2 Be1
34. b3 Bd2 35. Kf2 Be8 36. Nf4 Bf7 37. Ng2 Kg7 38. Ke2 Bc1 39. a4 h5 40. e4
dxe4 41. Bxe4 b5 42. Ne3 Bg6 43. Bb7 Bb2 44. Bxa6 Bxd4 45. Bxb5 Bxe5 46. Nc4
Bxh2 47. Nb6 h4 48. a5 h3 49. a6 Bb8 50. Kf1 g3 51. Nc8 g2+ 52. Kg1 Bf4 0-1

[Event "Olimpiada Calviá 2004"]
[Site "Calviá ESP"]
[Date "2004.10.23"]
[Round "8.39"]
[White "Pilaj, Herwig"]
[Black "Pazos Gambarrotti, Plinio"]
[Result "0-1"]
[WhiteElo "2431"]
[BlackElo "2400"]
[PlyCount "104"]
[EventDate "2004.10.15"]
[EventType "team"]
[EventRounds "14"]
[EventCountry "ESP"]
[Source "lmi"]
[SourceDate "2004.10.27"]

1. e4 c5 2. Nf3 Nc6 3. Bb5 d6 4. O-O Bg4 5. h3 Bh5 6. c3 a6 7. Bxc6+ bxc6 8. d4
cxd4 9. cxd4 Nf6 10. d5 cxd5 11. exd5 Bxf3 12. Qxf3 g6 13. Nc3 Bg7 14. Bg5 O-O
15. Rae1 Re8 16. Re2 h6 17. Bc1 Qd7 18. Rfe1 Qb7 19. Qd3 Rac8 20. Bf4 Kf8 21.
Qd2 g5 22. Be3 Rc4 23. Qd3 Rec8 24. Bd4 R8c7 25. Bxf6 Bxf6 26. Ne4 Rd4 27. Qf3
Qxd5 28. Qa3 Be5 29. Qxa6 Qc4 30. Qxc4 Rdxc4 31. b3 Rc2 32. g4 Bf4 33. Ng3 e6
34. Kg2 d5 35. Rxc2 Rxc2 36. Re2 Rc1 37. Rb2 Be5 38. Rd2 Ke7 39. Ne2 Ra1 40.
Nd4 Kd6 41. Nf3 Bc3 42. Rc2 d4 43. Nd2 Bxd2 44. Rxd2 e5 45. f3 Kc5 46. Kf2 Rh1
47. Kg2 Rc1 48. Kf2 Kb4 49. Ke2 f6 50. Kd3 Rf1 51. Ke4 Kc3 52. Rh2 d3 0-1

[Event "Olimpiada Calviá 2004"]
[Site "Calviá ESP"]
[Date "2004.10.23"]
[Round "8.39"]
[White "Gonzalez Davila, Richard"]
[Black "Lehner, Oliver"]
[Result "0-1"]
[WhiteElo "2202"]
[BlackElo "2420"]
[PlyCount "106"]
[EventDate "2004.10.15"]
[EventType "team"]
[EventRounds "14"]
[EventCountry "ESP"]
[Source "lmi"]
[SourceDate "2004.10.27"]

1. e4 c6 2. d4 d5 3. exd5 cxd5 4. c4 Nf6 5. Nc3 e6 6. Nf3 Bb4 7. Qb3 Nc6 8. Be2
dxc4 9. Qxc4 O-O 10. O-O Be7 11. Bf4 Bd7 12. Rac1 Rc8 13. Qb3 Na5 14. Qc2 Bc6
15. Rfd1 Bd5 16. Qa4 Qb6 17. Ne5 Qb4 18. Qxb4 Bxb4 19. Nxd5 Nxd5 20. Bg3 Be7
21. h4 Rfd8 22. Bf3 Kf8 23. Kf1 f6 24. Nd7+ Kf7 25. Nc5 b6 26. Nxe6 Ne3+ 27.
fxe3 Kxe6 28. Ke2 f5 29. d5+ Kd7 30. Rxc8 Rxc8 31. e4 Bd6 32. e5 Bxe5 33. Bxe5
Re8 34. Kd3 Rxe5 35. Kd4 Re7 36. Rc1 Nb7 37. g4 Nd6 38. a4 f4 39. Rc3 Re1 40.
b3 h6 41. g5 Nf5+ 42. Kc4 Kd6 43. Kb5 Nd4+ 44. Kc4 Nxf3 45. Rxf3 hxg5 46. hxg5
Re4+ 47. Kb5 Kxd5 48. Ka6 Rb4 49. a5 Ke4 50. Rc3 f3 51. Kxa7 f2 52. Rc1 bxa5
53. Ka6 Rxb3 0-1

[Event "Olimpiada Calviá 2004"]
[Site "Calviá ESP"]
[Date "2004.10.23"]
[Round "8.40"]
[White "Karkanaqe, Ilir"]
[Black "Dominguez, Jose M"]
[Result "0-1"]
[WhiteElo "2382"]
[BlackElo "2353"]
[PlyCount "78"]
[EventDate "2004.10.15"]
[EventType "team"]
[EventRounds "14"]
[EventCountry "ESP"]
[Source "lmi"]
[SourceDate "2004.10.27"]

1. Nf3 Nf6 2. c4 d6 3. d4 Nbd7 4. Nc3 e5 5. g3 Be7 6. Bg2 O-O 7. O-O Re8 8. e4
Bf8 9. Re1 c6 10. h3 a6 11. Be3 b5 12. cxb5 axb5 13. a3 Ba6 14. Qc2 Qb8 15. b4
Nb6 16. Nd2 Rc8 17. dxe5 dxe5 18. Nb3 Nc4 19. Bc5 Nd7 20. Bxf8 Rxf8 21. Red1
Ndb6 22. Nc5 Bc8 23. Qb3 Be6 24. Nxe6 fxe6 25. a4 Qa7 26. Ra2 Qe7 27. Bf1 Rf3
28. a5 Na4 29. Rxa4 bxa4 30. Qxc4 Raf8 31. Nxa4 Rxf2 32. Nc5 Qg5 33. Qxe6+ Kh8
34. Qb3 R2f3 35. Qxf3 Rxf3 36. Ne6 Qxg3+ 37. Bg2 h5 38. Rd8+ Kh7 39. Rd7 Qf2+
0-1

[Event "Olimpiada Calviá 2004"]
[Site "Calviá ESP"]
[Date "2004.10.23"]
[Round "8.40"]
[White "Alvarado, Nelson"]
[Black "Seitaj, Ilir"]
[Result "0-1"]
[WhiteElo "2290"]
[BlackElo "2398"]
[PlyCount "90"]
[EventDate "2004.10.15"]
[EventType "team"]
[EventRounds "14"]
[EventCountry "ESP"]
[Source "lmi"]
[SourceDate "2004.10.27"]

1. e4 e6 2. d4 d5 3. e5 c5 4. c3 Nc6 5. Nf3 Qb6 6. Bd3 Bd7 7. dxc5 Bxc5 8. O-O
a5 9. Nbd2 a4 10. Rb1 Qa7 11. b4 axb3 12. axb3 Nge7 13. b4 Bb6 14. c4 Bc7 15.
Qe2 Qb8 16. Re1 Ra4 17. b5 Nb4 18. c5 Ng6 19. b6 Nf4 20. Qe3 Nfxd3 21. bxc7
Qxc7 22. Rd1 Qxc5 23. Nb3 Qxe3 24. Bxe3 Bc6 25. Bc5 Nf4 26. Nbd4 Nfd3 27. Bd6
Kd7 28. Rb3 f6 29. Kf1 Rha8 30. Rbxd3 Nxd3 31. Rxd3 Ra1+ 32. Ke2 R8a2+ 33. Ke3
Rf1 34. Rd2 Rxd2 35. Nxd2 fxe5 36. Bxe5 Re1+ 37. Kf4 g5+ 38. Kxg5 Rxe5+ 39. Kf6
Rh5 40. N2f3 Kd6 41. g3 Bd7 42. Nh4 e5 43. Nc2 d4 44. f4 d3 45. Ne3 exf4 0-1

[Event "Olimpiada Calviá 2004"]
[Site "Calviá ESP"]
[Date "2004.10.23"]
[Round "8.40"]
[White "Mehmeti, Dritan"]
[Black "Hernandez, Elvis"]
[Result "1-0"]
[WhiteElo "2346"]
[BlackElo "2307"]
[PlyCount "143"]
[EventDate "2004.10.15"]
[EventType "team"]
[EventRounds "14"]
[EventCountry "ESP"]
[Source "lmi"]
[SourceDate "2004.10.27"]

1. d4 d5 2. Bg5 c6 3. Nf3 Qb6 4. Qc1 Bf5 5. e3 Nd7 6. Bd3 e6 7. O-O Ngf6 8.
Nbd2 Be7 9. Bxf5 exf5 10. c4 O-O 11. Qc2 g6 12. Ne5 Qd8 13. Qb3 Qc8 14. Rac1
Re8 15. Ndf3 dxc4 16. Rxc4 Nd5 17. Bxe7 Rxe7 18. Rfc1 N7b6 19. Rc5 f6 20. Nd3
Kg7 21. a4 Qg8 22. a5 Nd7 23. R5c2 a6 24. Nb4 Nc7 25. Qxg8+ Rxg8 26. d5 Nxd5
27. Nxd5 cxd5 28. Rc7 Rb8 29. Rd1 Kf7 30. Rxd5 Nf8 31. Rc3 b6 32. Nd4 bxa5 33.
g4 Rxb2 34. gxf5 Rb6 35. Rc8 gxf5 36. Nxf5 Ra7 37. Rxa5 Ng6 38. Rc1 Ne7 39. Nd4
Rab7 40. Kg2 Ra7 41. Kg3 Ke8 42. h4 Kf7 43. f4 Rd7 44. Rcc5 Rbd6 45. Kf3 Rb7
46. Ra2 Rdb6 47. Rh5 Kg6 48. Rha5 Nc6 49. h5+ Kf7 50. Nxc6 Rxc6 51. Rxa6 Rxa6
52. Rxa6 Rc7 53. Kg4 Re7 54. Kf5 Rxe3 55. Rxf6+ Kg8 56. Re6 Rf3 57. Ra6 Rh3 58.
Kf6 h6 59. Ra8+ Kh7 60. Ra7+ Kg8 61. Kg6 Rg3+ 62. Kxh6 Kf8 63. Ra5 Kf7 64. Rf5+
Ke6 65. Rg5 Rf3 66. Kg7 Rxf4 67. h6 Rf7+ 68. Kg8 Ra7 69. h7 Ra8+ 70. Kg7 Ra7+
71. Kg6 Ra8 72. Rh5 1-0

[Event "Olimpiada Calviá 2004"]
[Site "Calviá ESP"]
[Date "2004.10.23"]
[Round "8.41"]
[White "Michelakis, George"]
[Black "Canda, Danilo"]
[Result "1-0"]
[WhiteElo "2438"]
[BlackElo "2335"]
[PlyCount "63"]
[EventDate "2004.10.15"]
[EventType "team"]
[EventRounds "14"]
[EventCountry "ESP"]
[Source "lmi"]
[SourceDate "2004.10.27"]

1. d4 Nf6 2. c4 e6 3. Nc3 d5 4. cxd5 exd5 5. Bg5 Be7 6. e3 O-O 7. Bd3 Nbd7 8.
Qc2 c6 9. Nge2 Re8 10. h3 Nf8 11. O-O-O a5 12. g4 b5 13. Kb1 a4 14. Ng3 Qa5 15.
Nce2 Ra6 16. Rhg1 Rb6 17. Nf5 Bxf5 18. gxf5 Kh8 19. Nf4 N8d7 20. f3 Qb4 21. Qg2
Bf8 22. Bc2 a3 23. Nd3 Qd6 24. b4 Ra6 25. Nc5 Ra4 26. Bxa4 bxa4 27. Bf4 Qe7 28.
Rd3 Nb6 29. Rc3 Nfd7 30. Bh6 Qf6 31. Nxd7 Nxd7 32. Rxc6 1-0

[Event "Olimpiada Calviá 2004"]
[Site "Calviá ESP"]
[Date "2004.10.23"]
[Round "8.41"]
[White "Solomon, Kenny"]
[Black "Sirias, Danilo"]
[Result "1/2-1/2"]
[WhiteElo "2358"]
[BlackElo "2285"]
[PlyCount "79"]
[EventDate "2004.10.15"]
[EventType "team"]
[EventRounds "14"]
[EventCountry "ESP"]
[Source "lmi"]
[SourceDate "2004.10.27"]

1. d4 Nf6 2. c4 e6 3. Nc3 Bb4 4. e3 O-O 5. Nge2 d5 6. a3 Be7 7. cxd5 exd5 8. g3
c6 9. Bg2 Bf5 10. h3 h5 11. Nf4 g6 12. O-O Bd6 13. b3 Qc8 14. Kh2 Re8 15. h4
Nbd7 16. Kg1 Nf8 17. Bb2 Ne6 18. Re1 Ng7 19. Rc1 Qd7 20. Nd3 Bh3 21. Ne5 Qe6
22. Na4 Bxg2 23. Kxg2 Ne4 24. Nc3 Nxc3 25. Rxc3 Nf5 26. Rc1 Kh7 27. Qf3 f6 28.
Nd3 Qe4 29. Qxe4 Rxe4 30. a4 Rg4 31. Nf4 Kh6 32. Kh1 Bxf4 33. exf4 g5 34. hxg5+
fxg5 35. Kh2 Nh4 36. gxh4 Rxf4 37. Kg3 Rg4+ 38. Kf3 Rf4+ 39. Kg3 Rg4+ 40. Kf3
1/2-1/2

[Event "Olimpiada Calviá 2004"]
[Site "Calviá ESP"]
[Date "2004.10.23"]
[Round "8.41"]
[White "Bendana, Guy"]
[Black "Solomons, Deon"]
[Result "1/2-1/2"]
[WhiteElo "2166"]
[BlackElo "2249"]
[PlyCount "33"]
[EventDate "2004.10.15"]
[EventType "team"]
[EventRounds "14"]
[EventCountry "ESP"]
[Source "lmi"]
[SourceDate "2004.10.27"]

1. d4 Nf6 2. Nf3 g6 3. Bg5 Bg7 4. Nbd2 d6 5. e4 O-O 6. Be2 h6 7. Bh4 c6 8. O-O
Qc7 9. c3 e5 10. dxe5 dxe5 11. Re1 Rd8 12. Qc2 Nbd7 13. Rad1 g5 14. Bg3 Nh5 15.
Nc4 Nf4 16. Bf1 b5 17. Nd6 1/2-1/2

[Event "Olimpiada Calviá 2004"]
[Site "Calviá ESP"]
[Date "2004.10.23"]
[Round "8.42"]
[White "Ermenkov, Evgenij"]
[Black "Ahmed Abdul Sattar, Wahab"]
[Result "1-0"]
[WhiteElo "2454"]
[BlackElo "2270"]
[PlyCount "57"]
[EventDate "2004.10.15"]
[EventType "team"]
[EventRounds "14"]
[EventCountry "ESP"]
[Source "lmi"]
[SourceDate "2004.10.27"]

1. e4 c5 2. Nc3 e6 3. Nf3 Nc6 4. d4 cxd4 5. Nxd4 Nf6 6. a3 d6 7. Be2 a6 8. Be3
Qc7 9. O-O Bd7 10. f4 Be7 11. Qe1 O-O 12. Qg3 Rfd8 13. Rad1 Be8 14. Kh1 d5 15.
exd5 Nxd5 16. Nxd5 Rxd5 17. Bc4 Rdd8 18. Nxc6 Bxc6 19. Bd4 Bf8 20. Ba2 Bd5 21.
Bb1 b5 22. c3 f5 23. Rd2 Qf7 24. Rfd1 Rdc8 25. Bd3 Bc5 26. Be5 Bb3 27. Bc2 Bd5
28. Bxf5 Be3 29. Rxd5 1-0